000 00330nam a2200121Ia 4500
005 20260326100033.0
008 260326s9999||||xx |||||||||||||| ||und||
100 _aOrosco Arce, Gonzalo
245 0 _aDiccionario arquitectónico Ilustrado /
_cGonzalo Orosco Arce
260 _bRestauro
650 _aARQUITECTURA-GENERAL
942 _cBK
999 _c6684
_d6684